Mukayeseli hukuk açısından Amerikan ve Avrupa topluluğu hukukunda rekabetin yatay kısıtlanması (Record no. 11791)
[ view plain ]
| 000 -BAŞLIK | |
|---|---|
| Sabit Uzunlukta Kontrol Alanı | 00895na a2200277 4500 |
| 001 - KONTROL NUMARASI | |
| Denetim Alanı | 24511 |
| 003 - KONTROL NUMARASI IDENTIFIER | |
| Denetim Alanı | MIRAKIL |
| 005 - SON İŞLEM TARİHİ VE ZAMANI | |
| Denetim Alanı | 20181226104234.0 |
| 008 - SABİT-BOY VERİ ELEMANLARI - GENEL BİLGİLER | |
| Sabit Uzunlukta Kontrol Alanı | 181127b tu 000 0 |
| 020 ## - ULUSLARARASI STANDART KİTAP NUMARASI | |
| Uluslararası Standart Kitap Numarası | 9758301209 |
| 041 ## - DİL KODU | |
| Metin / Ses Parça Veya Ayrı Başlığın Dil Kodu | tur |
| 082 ## - DEWEY ONLU SINIFLANDIRMA NUMARASI | |
| Sınıflandırma Numarası | 343.0721 |
| Ürün Numarası | A44m 2001 |
| 090 ## - SINIFLAMA NUMARASI | |
| Sınıflama Numarası | 343.0721 A44m 2001 |
| 100 ## - ANA GİRİŞ - KİŞİSEL İSİM | |
| Kişisel Ad | Akıncı, Ateş |
| 245 ## - BAŞLIK TABLOSU | |
| Başlık | Mukayeseli hukuk açısından Amerikan ve Avrupa topluluğu hukukunda rekabetin yatay kısıtlanması |
| Sorumluluk Tablosu, Vb | Ateş Akıncı |
| 260 ## - YAYIN, DAĞITIM, VB | |
| Yayın, Dağıtım, Vb Yeri | Ankara |
| Yayıncı, Dağıtıcı, Vs Adı | Rekabet Kurumu |
| Yayın, Dağıtım, Vb Tarihi | 2001 |
| Üretici Firma | Başak Matbaası |
| 300 ## - FİZİKSEL TANIM | |
| Kapsam | xvııı, 413 s. |
| Diğer Fiziksel Ayrıntıları | tbl. , grf. |
| Boyutlar | 24 sm. |
| 440 ## - SERİSİ TABLOSU / KATMA GİRİŞİ - BAŞLIK | |
| Başlık | Rekabet Kurumu |
| Hacim / Ardışık Tanımı | yayın no 0062 |
| 504 ## - KAYNAKÇA VB NOT | |
| Kaynakça Vb Notu | Kaynakça var. |
| 650 ## - KONU KATMA GİRİŞ - TOPİKAL DÖNEM | |
| Topikal Süreli Veya Coğrafi Ad Giriş Elemanı | Ticaretin sınırlandırılması |
| 650 ## - KONU KATMA GİRİŞ - TOPİKAL DÖNEM | |
| Topikal Süreli Veya Coğrafi Ad Giriş Elemanı | Rekabet |
| Genel Alt Bölümü | Amerikan hukukunda |
| 650 ## - KONU KATMA GİRİŞ - TOPİKAL DÖNEM | |
| Topikal Süreli Veya Coğrafi Ad Giriş Elemanı | Rekabet |
| Genel Alt Bölümü | Avrupa topluluğu hukukunda |
| 650 ## - KONU KATMA GİRİŞ - TOPİKAL DÖNEM | |
| Topikal Süreli Veya Coğrafi Ad Giriş Elemanı | Rekabet hukuku |
| 942 ## - EKLENDİ GİRİŞ ELEMANLARI (KOHA) | |
| Sınıflandırma Veya Raf Düzeni Kaynak | Dewey Decimal Classification |
| Koha Öğesi Türü | Books |
| 040 ## - KATALOGLAMA KAYNAK | |
| Orijinal Kataloglama Ajansı | Milas |
| Kataloglama Dili | tur |
| Metne Dönüştürmek Ajansı | TR-AnCHP |
| 999 ## - SİSTEM KONTROL NUMARALARI (KOHA) | |
| Koha Biblionumber | 11791 |
| Koha Biblioitemnumber | 11791 |
| Kullanım Kısıtlamaları | Kalıcı Konum | Mevcut Konum | Edinme Tarihi | Toplam Check-Out'Lar | Tam Çağrı Numarası | Barkod | Tarih Son Görülme | İtibaren Geçerli Fiyatlar | Sigara Kamu Notu | Koha Öğesi Türü |
|---|---|---|---|---|---|---|---|---|---|---|
| Parti Okulu Kütüphanesi | Parti Okulu Kütüphanesi | 11/27/2018 | 343.0721 A44m 2001 | P00242 | 11/27/2018 | 11/27/2018 | Books |
